[Event "Mitropa Cup 32nd"]
[Site "Meissen"]
[Date "2013.06.08"]
[Round "8.2"]
[White "Gallagher, Joseph G"]
[Black "Skoberne, Jure"]
[Result "0-1"]
[WhiteElo "2518"]
[BlackElo "2558"]
[PlyCount "94"]
[EventDate "2013.06.01"]
[EventType "team-tourn"]
[EventRounds "9"]
[EventCountry "GER"]
[Source "ChessBase"]
[SourceDate "2013.06.25"]
[WhiteTeam "Switzerland"]
[BlackTeam "Slovenia"]
[WhiteTeamCountry "SUI"]
[BlackTeamCountry "SLO"]

1. e4 c5 2. Nf3 Nc6 3. Bb5 e6 4. O-O Nge7 5. Nc3 Nd4 6. Nxd4 cxd4 7. Ne2 a6 8.
Ba4 b5 9. Bb3 Nc6 10. d3 Bc5 11. a3 Bb7 12. Ba2 Qe7 13. Qd2 h5 14. b4 Bb6 15.
c3 h4 16. h3 Rh5 17. cxd4 Nxd4 18. Nxd4 Bxd4 19. Bb2 Qf6 20. Bxd4 Qxd4 21. Qe3
Qxe3 22. fxe3 a5 23. Bb3 Ke7 24. bxa5 Rc5 25. a4 Rc3 26. Rab1 Rxd3 27. axb5
Rxa5 28. Bd1 f6 29. Bf3 e5 30. Rfc1 Kd6 31. Be2 Rd2 32. Rd1 Raa2 33. b6 Bxe4
34. Rxd2+ Rxd2 35. Rb4 Rxe2 36. Rxe4 Rb2 37. Rxh4 Ke6 38. Rg4 g5 39. Ra4 Rxb6
40. h4 gxh4 41. Rxh4 Rb2 42. Kf1 d5 43. Ra4 Kf5 44. g4+ Kg5 45. Ke1 Rg2 46. Ra5
Kxg4 47. Rxd5 Kf3 0-1

[Event "Mitropa Cup 32nd"]
[Site "Meissen"]
[Date "2013.06.08"]
[Round "8.2"]
[White "Markoja, Boris"]
[Black "Studer, Noel"]
[Result "1/2-1/2"]
[WhiteElo "2148"]
[BlackElo "2343"]
[PlyCount "78"]
[EventDate "2013.06.01"]
[EventType "team-tourn"]
[EventRounds "9"]
[EventCountry "GER"]
[Source "ChessBase"]
[SourceDate "2013.06.25"]
[WhiteTeam "Slovenia"]
[BlackTeam "Switzerland"]
[WhiteTeamCountry "SLO"]
[BlackTeamCountry "SUI"]

1. c4 Nf6 2. Nc3 e6 3. e4 d5 4. e5 d4 5. exf6 dxc3 6. bxc3 Qxf6 7. Nf3 e5 8. d4
exd4 9. Bg5 Qe6+ 10. Be2 Be7 11. cxd4 Bxg5 12. Nxg5 Qf6 13. Qd2 O-O 14. O-O Bf5
15. Rfe1 Nc6 16. Nf3 Be4 17. d5 Bxf3 18. Bxf3 Rad8 19. Rad1 Ne5 20. Be2 b6 21.
Qe3 Qd6 22. h3 g6 23. Bf1 Nd7 24. Rd2 f5 25. Qg5 Qf6 26. Qf4 Qd6 27. Qg5 Nc5
28. Rde2 Qf6 29. Qh6 Rf7 30. Re3 f4 31. Re5 Rdf8 32. h4 Qg7 33. Qg5 Rf5 34.
Rxf5 Rxf5 35. Re8+ Rf8 36. Re7 Rf7 37. Re8+ Rf8 38. Re7 Rf7 39. Re8+ Rf8
1/2-1/2

[Event "Mitropa Cup 32nd"]
[Site "Meissen"]
[Date "2013.06.09"]
[Round "9.3"]
[White "Diermair, Andreas"]
[Black "Zilka, Stepan"]
[Result "0-1"]
[WhiteElo "2428"]
[BlackElo "2532"]
[PlyCount "88"]
[EventDate "2013.06.01"]
[EventType "team-tourn"]
[EventRounds "9"]
[EventCountry "GER"]
[Source "ChessBase"]
[SourceDate "2013.06.25"]
[WhiteTeam "Austria"]
[BlackTeam "Czechia"]
[WhiteTeamCountry "AUT"]
[BlackTeamCountry "CZE"]

1. c4 e6 2. Nc3 d5 3. d4 Nf6 4. cxd5 exd5 5. Bg5 c6 6. Qc2 Be7 7. e3 O-O 8. Bd3
Nbd7 9. Nge2 Re8 10. O-O Nf8 11. f3 Be6 12. Rad1 Rc8 13. Kh1 N6d7 14. Bxe7 Qxe7
15. Qd2 f6 16. Ng3 Rcd8 17. Rfe1 Nb6 18. Qf2 Qc7 19. a3 Rd7 20. Nce2 Nc8 21.
Nc3 Bf7 22. Na4 Nd6 23. Nf5 Nxf5 24. Bxf5 Rde7 25. Nc5 Bg6 26. Bxg6 hxg6 27.
Kg1 g5 28. Rc1 Nd7 29. Nd3 Nb6 30. b3 Nc8 31. h3 Nd6 32. Nc5 Qa5 33. Ra1 b6 34.
Na4 Qb5 35. Rab1 Qd3 36. e4 dxe4 37. Qe3 Qxe3+ 38. Rxe3 exf3 39. Rxf3 Nb5 40.
Rd3 Re3 41. Rbd1 Rxd3 42. Rxd3 Rd8 43. Re3 Rxd4 44. Re8+ Kf7 0-1

[Event "Mitropa Cup 32nd"]
[Site "Meissen"]
[Date "2013.06.09"]
[Round "9.3"]
[White "Handler, Lukas"]
[Black "Krejci, Jan2"]
[Result "0-1"]
[WhiteElo "2398"]
[BlackElo "2503"]
[PlyCount "51"]
[EventDate "2013.06.01"]
[EventType "team-tourn"]
[EventRounds "9"]
[EventCountry "GER"]
[Source "ChessBase"]
[SourceDate "2013.06.25"]
[WhiteTeam "Austria"]
[BlackTeam "Czechia"]
[WhiteTeamCountry "AUT"]
[BlackTeamCountry "CZE"]

1. Nf3 Nf6 2. g3 b5 3. d3 Bb7 4. e4 d6 5. Nc3 b4 6. Ne2 e6 7. Bg2 Be7 8. O-O
O-O 9. Nd2 Nfd7 10. d4 c5 11. c4 cxd4 12. Nxd4 Nc5 13. Re1 Nbd7 14. N2b3 Ne5
15. Qc2 Ncd3 16. Rd1 Nxc1 17. Raxc1 Rc8 18. Nd2 Qb6 19. N4f3 Ng4 20. Rf1 d5 21.
exd5 exd5 22. Bh3 f5 23. Qd3 Bc5 24. Kg2 Rcd8 25. Nb3 Ne5 26. Qe2 0-1

[Event "Mitropa Cup 32nd"]
[Site "Meissen"]
[Date "2013.06.09"]
[Round "9.3"]
[White "Kislinsky, Alexey"]
[Black "Schreiner, Peter"]
[Result "1-0"]
[WhiteElo "2565"]
[BlackElo "2456"]
[PlyCount "69"]
[EventDate "2013.06.01"]
[EventType "team-tourn"]
[EventRounds "9"]
[EventCountry "GER"]
[Source "ChessBase"]
[SourceDate "2013.06.25"]
[WhiteTeam "Czechia"]
[BlackTeam "Austria"]
[WhiteTeamCountry "CZE"]
[BlackTeamCountry "AUT"]

1. e4 e5 2. Nf3 Nc6 3. Bb5 Nf6 4. O-O Nxe4 5. d4 Nd6 6. Ba4 exd4 7. c3 Be7 8.
cxd4 O-O 9. Nc3 Nc4 10. d5 N6e5 11. Nxe5 Nxe5 12. f4 Nc4 13. Qd3 Nb6 14. Bc2 f5
15. a4 a5 16. Nb5 d6 17. Ra3 Nd7 18. Qd1 Nc5 19. Rh3 g6 20. Re1 Bf6 21. Rhe3
Bd7 22. Nd4 Re8 23. Ne6 Nxe6 24. dxe6 Bc6 25. g4 fxg4 26. Qxg4 Qe7 27. f5 Qg7
28. fxg6 Bd4 29. Bd2 Bxb2 30. Rf1 Qd4 31. Qh5 Re7 32. Rf7 Rxf7 33. gxf7+ Kg7
34. e7 Qxd2 35. Qxh7+ 1-0

[Event "Mitropa Cup 32nd"]
[Site "Meissen"]
[Date "2013.06.09"]
[Round "9.3"]
[White "Rasik, Vitezslav"]
[Black "Schachinger, Mario"]
[Result "1/2-1/2"]
[WhiteElo "2483"]
[BlackElo "2412"]
[PlyCount "83"]
[EventDate "2013.06.01"]
[EventType "team-tourn"]
[EventRounds "9"]
[EventCountry "GER"]
[Source "ChessBase"]
[SourceDate "2013.06.25"]
[WhiteTeam "Czechia"]
[BlackTeam "Austria"]
[WhiteTeamCountry "CZE"]
[BlackTeamCountry "AUT"]

1. e4 c6 2. Nc3 d5 3. Nf3 dxe4 4. Nxe4 Nf6 5. Nxf6+ exf6 6. g3 Bd6 7. Qe2+ Be7
8. Bg2 O-O 9. O-O Re8 10. d4 Nd7 11. Re1 Nf8 12. Be3 Bd7 13. c4 Ng6 14. Qd2 a5
15. Red1 Bd6 16. c5 Bf8 17. d5 cxd5 18. Qxd5 Bc6 19. Qxd8 Raxd8 20. a3 a4 21.
Rac1 Ne7 22. Rxd8 Rxd8 23. Nd4 Bxg2 24. Kxg2 Nd5 25. Bd2 Rc8 26. c6 bxc6 27.
Nxc6 Bd6 28. Kf3 f5 29. Nd4 Rxc1 30. Bxc1 g6 31. Ke2 h5 32. Nb5 Bb8 33. f4 h4
34. Bd2 hxg3 35. hxg3 Kf8 36. Nc3 Nxc3+ 37. Bxc3 Ba7 38. Be1 Bd4 39. Bc3 Bb6
40. Be1 Bd4 41. Bc3 Bb6 42. Be1 1/2-1/2

[Event "Mitropa Cup 32nd"]
[Site "Meissen"]
[Date "2013.06.09"]
[Round "9.2"]
[White "Cotonnec, Melkior"]
[Black "Plachetka, Jan"]
[Result "1/2-1/2"]
[WhiteElo "2432"]
[BlackElo "2354"]
[PlyCount "61"]
[EventDate "2013.06.01"]
[EventType "team-tourn"]
[EventRounds "9"]
[EventCountry "GER"]
[Source "ChessBase"]
[SourceDate "2013.06.25"]
[WhiteTeam "France"]
[BlackTeam "Slovakia"]
[WhiteTeamCountry "FRA"]
[BlackTeamCountry "SVK"]

1. d4 Nf6 2. c4 e6 3. Nf3 d5 4. Nc3 Be7 5. cxd5 exd5 6. Bg5 c6 7. e3 Bf5 8. Bd3
Bxd3 9. Qxd3 Nbd7 10. O-O O-O 11. Rab1 a5 12. b3 Re8 13. h3 Ne4 14. Bxe7 Qxe7
15. Nd2 Ndf6 16. Ndxe4 Nxe4 17. Nxe4 Qxe4 18. Qxe4 Rxe4 19. Rfe1 Rae8 20. b4
axb4 21. Rxb4 c5 22. Rxb7 cxd4 23. Rd1 dxe3 24. fxe3 Rxe3 25. Rxd5 Re1+ 26. Kh2
g6 27. Rdd7 Rf1 28. Rd2 Ra8 29. Rbd7 Kg7 30. Rb7 h5 31. Rc7 1/2-1/2

[Event "Mitropa Cup 32nd"]
[Site "Meissen"]
[Date "2013.06.09"]
[Round "9.2"]
[White "Guidarelli, Laurent"]
[Black "Petenyi, Tamas"]
[Result "0-1"]
[WhiteElo "2472"]
[BlackElo "2466"]
[PlyCount "88"]
[EventDate "2013.06.01"]
[EventType "team-tourn"]
[EventRounds "9"]
[EventCountry "GER"]
[Source "ChessBase"]
[SourceDate "2013.06.25"]
[WhiteTeam "France"]
[BlackTeam "Slovakia"]
[WhiteTeamCountry "FRA"]
[BlackTeamCountry "SVK"]

1. d4 g6 2. c4 Bg7 3. Nc3 d6 4. e4 Nc6 5. d5 Nd4 6. Be3 c5 7. Nge2 Qb6 8. Qd2
Nxe2 9. Bxe2 Bd7 10. O-O Nf6 11. h3 O-O 12. Rab1 Qc7 13. a3 b6 14. Bh6 e5 15.
dxe6 Bxh6 16. Qxh6 fxe6 17. f4 Bc6 18. Bd3 e5 19. f5 Qg7 20. Qxg7+ Kxg7 21. g4
g5 22. Rbd1 Rad8 23. Rd2 Kf7 24. Rg2 h5 25. Kf2 hxg4 26. hxg4 Rh8 27. Ke3 Rh3+
28. Rf3 Rdh8 29. Be2 Rh2 30. Rff2 R8h3+ 31. Bf3 Rh1 32. Rd2 Rf1 33. Rdf2 Rfh1
34. Rd2 Ke7 35. Kf2 Rc1 36. Re2 a6 37. Rg3 Rh4 38. Ke3 b5 39. Kd2 Rf1 40. Nd1
bxc4 41. Ne3 Rxf3 42. Rxf3 Bxe4 43. Rg3 Bd3 44. Ng2 Bxe2 0-1

[Event "Mitropa Cup 32nd"]
[Site "Meissen"]
[Date "2013.06.09"]
[Round "9.2"]
[White "Michalik, Peter"]
[Black "Housieaux, David"]
[Result "1/2-1/2"]
[WhiteElo "2565"]
[BlackElo "2466"]
[PlyCount "102"]
[EventDate "2013.06.01"]
[EventType "team-tourn"]
[EventRounds "9"]
[EventCountry "GER"]
[Source "ChessBase"]
[SourceDate "2013.06.25"]
[WhiteTeam "Slovakia"]
[BlackTeam "France"]
[WhiteTeamCountry "SVK"]
[BlackTeamCountry "FRA"]

1. d4 e6 2. c4 d5 3. Nf3 c6 4. e3 Bd6 5. Bd3 f5 6. O-O Nf6 7. b3 Qe7 8. Bb2 O-O
9. Qc1 b6 10. Ba3 Ne4 11. Bxd6 Qxd6 12. Nc3 Nd7 13. cxd5 exd5 14. Ne2 Bb7 15.
Qb2 a5 16. a3 c5 17. Bb5 Bc6 18. Bxc6 Qxc6 19. Nf4 a4 20. dxc5 bxc5 21. b4 g5
22. Nd3 c4 23. Nde5 c3 24. Qe2 Nxe5 25. Nxe5 Qd6 26. Nf3 Rf6 27. Nd4 Rh6 28. g3
Qf6 29. Qd3 f4 30. exf4 gxf4 31. Ne2 Rd8 32. Nxf4 Nd2 33. Rfe1 d4 34. Re6 Qg7
35. Rae1 Rxe6 36. Nxe6 Qe7 37. Re2 Rd6 38. Nc5 Qf7 39. f4 Rd8 40. Ne6 Rd6 41.
f5 h6 42. Kf2 Qh5 43. Nf4 Qxh2+ 44. Ng2 Qh5 45. Qb5 Qf3+ 46. Kg1 Qf1+ 47. Kh2
Nf3+ 48. Kh3 Ng1+ 49. Kh2 Nf3+ 50. Kh3 Ng1+ 51. Kh2 Nf3+ 1/2-1/2

[Event "Mitropa Cup 32nd"]
[Site "Meissen"]
[Date "2013.06.09"]
[Round "9.3"]
[White "Repka, Christopher"]
[Black "Bailet, Pierre"]
[Result "0-1"]
[WhiteElo "2358"]
[BlackElo "2461"]
[PlyCount "66"]
[EventDate "2013.06.01"]
[EventType "team-tourn"]
[EventRounds "9"]
[EventCountry "GER"]
[Source "ChessBase"]
[SourceDate "2013.06.25"]
[WhiteTeam "Slovakia"]
[BlackTeam "France"]
[WhiteTeamCountry "SVK"]
[BlackTeamCountry "FRA"]

1. d4 Nf6 2. Nf3 d6 3. Nc3 g6 4. e4 Bg7 5. Bf4 O-O 6. Qd2 Bg4 7. Be2 c5 8. dxc5
dxc5 9. Qe3 Nc6 10. Rd1 Qa5 11. e5 Nd7 12. O-O Bxf3 13. Rxd7 Bxe2 14. Nxe2 Qxa2
15. Rxb7 Qa6 16. Rc7 Rac8 17. Rxc8 Rxc8 18. Rd1 Rd8 19. Rxd8+ Nxd8 20. h3 Qc4
21. Nc3 Ne6 22. Bg3 Nd4 23. Qe4 h5 24. Kh2 Qf1 25. f4 Nf5 26. Qe2 Qc1 27. b3 h4
28. Bf2 Qxf4+ 29. Kg1 Bxe5 30. Ne4 Qh2+ 31. Kf1 Qh1+ 32. Bg1 Bd4 33. Ng3 Nxg3+
0-1

[Event "Mitropa Cup 32nd"]
[Site "Meissen"]
[Date "2013.06.09"]
[Round "9.4"]
[White "Fridman, Daniel"]
[Black "Gallagher, Joseph G"]
[Result "1-0"]
[WhiteElo "2629"]
[BlackElo "2518"]
[PlyCount "77"]
[EventDate "2013.06.01"]
[EventType "team-tourn"]
[EventRounds "9"]
[EventCountry "GER"]
[Source "ChessBase"]
[SourceDate "2013.06.25"]
[WhiteTeam "Germany"]
[BlackTeam "Switzerland"]
[WhiteTeamCountry "GER"]
[BlackTeamCountry "SUI"]

1. d4 e6 2. e4 d5 3. e5 Qd7 4. f4 b6 5. Nf3 Ne7 6. Be3 c5 7. Bf2 cxd4 8. Nxd4
Ba6 9. Nc3 Bxf1 10. Rxf1 Nec6 11. Nce2 Nxd4 12. Nxd4 Nc6 13. Qd3 Rc8 14. O-O-O
g6 15. Kb1 Nxd4 16. Bxd4 Bc5 17. Bc3 Qc6 18. g4 b5 19. f5 b4 20. Bd2 Be7 21.
fxe6 fxe6 22. b3 a5 23. h4 Rg8 24. h5 Rc7 25. Rc1 Ra7 26. hxg6 hxg6 27. Rh1 Qa6
28. Be3 Ra8 29. Rh7 Bf8 30. Rf1 Qxd3 31. cxd3 Bg7 32. Rf6 Bxf6 33. exf6 Rf8 34.
Bh6 Rxf6 35. Rh8+ Kd7 36. Rxa8 g5 37. Bxg5 Rg6 38. Bd2 Rxg4 39. Rxa5 1-0

[Event "Mitropa Cup 32nd"]
[Site "Meissen"]
[Date "2013.06.09"]
[Round "9.4"]
[White "Studer, Noel"]
[Black "Donchenko, Alexander"]
[Result "0-1"]
[WhiteElo "2343"]
[BlackElo "2465"]
[PlyCount "82"]
[EventDate "2013.06.01"]
[EventType "team-tourn"]
[EventRounds "9"]
[EventCountry "GER"]
[Source "ChessBase"]
[SourceDate "2013.06.25"]
[WhiteTeam "Switzerland"]
[BlackTeam "Germany"]
[WhiteTeamCountry "SUI"]
[BlackTeamCountry "GER"]

1. e4 c6 2. d4 d5 3. Nc3 dxe4 4. Nxe4 Bf5 5. Ng3 Bg6 6. h4 h6 7. Nf3 Nd7 8. h5
Bh7 9. Bd3 Bxd3 10. Qxd3 e6 11. Bf4 Qa5+ 12. Bd2 Bb4 13. c3 Be7 14. c4 Qc7 15.
O-O-O Ngf6 16. Ne4 Nxe4 17. Qxe4 Nf6 18. Qc2 O-O 19. Kb1 Rfd8 20. Bc1 c5 21. g4
cxd4 22. Nxd4 Qb6 23. Nb3 Rxd1 24. Rxd1 Nxg4 25. Qe2 Nf6 26. Rg1 Kf8 27. Be3
Qc7 28. f4 Rd8 29. Qg2 Nxh5 30. Qg4 Qxc4 31. Bxa7 g6 32. Bb6 Qd3+ 33. Ka1 Rd5
34. Rc1 Bf6 35. f5 Rxf5 36. Qb4+ Kg7 37. Rc8 Rf1+ 38. Nc1 g5 39. Qf8+ Kg6 40.
Rc7 Be5 41. Qg8+ Ng7 0-1

[Event "Mitropa Cup 32nd"]
[Site "Meissen"]
[Date "2013.06.09"]
[Round "9.4"]
[White "Wagner, Dennis"]
[Black "Zueger, Beat"]
[Result "1-0"]
[WhiteElo "2461"]
[BlackElo "2397"]
[PlyCount "116"]
[EventDate "2013.06.01"]
[EventType "team-tourn"]
[EventRounds "9"]
[EventCountry "GER"]
[Source "ChessBase"]
[SourceDate "2013.06.25"]
[WhiteTeam "Germany"]
[BlackTeam "Switzerland"]
[WhiteTeamCountry "GER"]
[BlackTeamCountry "SUI"]

1. Nf3 Nf6 2. c4 g6 3. Nc3 Bg7 4. d4 d6 5. e4 Bg4 6. Be2 Nfd7 7. Be3 O-O 8. h4
e5 9. d5 Nf6 10. Nd2 Bxe2 11. Qxe2 Nh5 12. O-O-O Nd7 13. Kb1 a5 14. g4 Nf4 15.
Qf3 Nc5 16. Ne2 Qd7 17. Nxf4 exf4 18. Bxc5 dxc5 19. Qxf4 b5 20. e5 bxc4 21.
Nxc4 Rfb8 22. h5 Rb4 23. hxg6 hxg6 24. a3 Rb3 25. Rd2 Rab8 26. Nxa5 Rxb2+ 27.
Rxb2 Rxb2+ 28. Kxb2 Qb5+ 29. Ka2 Qe2+ 30. Kb3 Qb5+ 31. Ka2 Qe2+ 32. Kb3 Qb5+
33. Kc2 Qe2+ 34. Kc1 Bxe5 35. Qd2 Qf3 36. Re1 Qxa3+ 37. Kc2 Qa4+ 38. Kd3 Qd4+
39. Ke2 Qxg4+ 40. f3 Qg2+ 41. Kd3 Qxf3+ 42. Kc4 Bf6 43. Nb3 Qg4+ 44. Kxc5 Qd7
45. Kc4 Be7 46. Nc5 Bxc5 47. Kxc5 Qd6+ 48. Kc4 Qa6+ 49. Kd4 Qf6+ 50. Kd3 Qa6+
51. Ke3 Qd6 52. Qd4 Qg3+ 53. Kd2 Qg2+ 54. Re2 Qg5+ 55. Kd1 Qh5 56. Ke1 Qh1+ 57.
Kd2 Kh7 58. Qe5 Kg8 1-0

[Event "Mitropa Cup 32nd"]
[Site "Meissen"]
[Date "2013.06.09"]
[Round "9.5"]
[White "Horvath, Jozsef"]
[Black "Borisek, Jure"]
[Result "1-0"]
[WhiteElo "2518"]
[BlackElo "2552"]
[PlyCount "61"]
[EventDate "2013.06.01"]
[EventType "team-tourn"]
[EventRounds "9"]
[EventCountry "GER"]
[Source "ChessBase"]
[SourceDate "2013.06.25"]
[WhiteTeam "Hungary"]
[BlackTeam "Slovenia"]
[WhiteTeamCountry "HUN"]
[BlackTeamCountry "SLO"]

1. Nf3 c5 2. c4 Nf6 3. Nc3 Nc6 4. e3 e6 5. d4 d5 6. cxd5 exd5 7. Bb5 Bd6 8.
dxc5 Bxc5 9. O-O O-O 10. b3 Bg4 11. Bb2 a6 12. Be2 Ba7 13. Rc1 Qd6 14. h3 Bh5
15. Nh4 Bg6 16. Nxg6 hxg6 17. Bf3 Rad8 18. Ne2 Ne4 19. Bxe4 dxe4 20. Qxd6 Rxd6
21. Ba3 Rd2 22. Bxf8 Rxe2 23. Bc5 Bxc5 24. Rxc5 Rxa2 25. Rd1 Rb2 26. Rc3 Ne5
27. Rd4 f5 28. Rd5 Nd3 29. Rd8+ Kh7 30. h4 g5 31. h5 1-0

[Event "Mitropa Cup 32nd"]
[Site "Meissen"]
[Date "2013.06.09"]
[Round "9.5"]
[White "Skoberne, Jure"]
[Black "Horvath, Adam"]
[Result "1-0"]
[WhiteElo "2558"]
[BlackElo "2532"]
[PlyCount "127"]
[EventDate "2013.06.01"]
[EventType "team-tourn"]
[EventRounds "9"]
[EventCountry "GER"]
[Source "ChessBase"]
[SourceDate "2013.06.25"]
[WhiteTeam "Slovenia"]
[BlackTeam "Hungary"]
[WhiteTeamCountry "SLO"]
[BlackTeamCountry "HUN"]

1. c4 Nf6 2. Nc3 e5 3. Nf3 Nc6 4. g3 d5 5. cxd5 Nxd5 6. Bg2 Nb6 7. O-O Be7 8.
a3 O-O 9. b4 Re8 10. d3 Bf8 11. Bb2 a5 12. b5 Nd4 13. Nd2 a4 14. e3 Ne6 15. Qc2
Nc5 16. d4 exd4 17. exd4 Qxd4 18. Nd5 Qd3 19. Qxd3 Nxd3 20. Nxc7 Nxb2 21. Nxe8
Bf5 22. Rfe1 Rd8 23. Ne4 N2c4 24. Rad1 Rxe8 25. Nf6+ gxf6 26. Rxe8 Kg7 27. Rdd8
Bxa3 28. Rg8+ Kh6 29. Rd4 Bg6 30. Rh4+ Kg5 31. f4+ Kf5 32. Bh3+ Ke4 33. f5+ Kd5
34. Rd8+ Nd6 35. fxg6 hxg6 36. Bg4 Bb2 37. Bd1 a3 38. Bb3+ Kc5 39. Kf1 Nxb5 40.
Bxf7 Nc3 41. Rhd4 f5 42. Rd3 Kb5 43. Rb8 Kc6 44. Bb3 Nba4 45. Rc8+ Kb5 46. Rd4
Nb6 47. Rc7 Ka6 48. Rd6 Nb5 49. Rcd7 Nxd6 50. Rxd6 Ka5 51. Rxg6 Na4 52. h4 Nc3
53. h5 a2 54. Bxa2 Nxa2 55. Rg5 b5 56. Rxf5 Nc3 57. Rf2 Ba1 58. h6 b4 59. h7
Na4 60. Rf5+ Ka6 61. Ke2 b3 62. Kd3 Bg7 63. Rg5 Nc3 64. Rg6+ 1-0

[Event "Mitropa Cup 32nd"]
[Site "Meissen"]
[Date "2013.06.09"]
[Round "9.5"]
[White "Stajner, Samo"]
[Black "Czebe, Attila"]
[Result "1/2-1/2"]
[WhiteElo "2321"]
[BlackElo "2488"]
[PlyCount "106"]
[EventDate "2013.06.01"]
[EventType "team-tourn"]
[EventRounds "9"]
[EventCountry "GER"]
[Source "ChessBase"]
[SourceDate "2013.06.25"]
[WhiteTeam "Slovenia"]
[BlackTeam "Hungary"]
[WhiteTeamCountry "SLO"]
[BlackTeamCountry "HUN"]

1. d4 d6 2. Nf3 g6 3. c4 Bg7 4. Nc3 Nd7 5. e4 e5 6. h3 Ne7 7. Be2 O-O 8. Bg5 h6
9. Be3 f5 10. dxe5 dxe5 11. exf5 gxf5 12. g3 b6 13. Qd2 Nc5 14. Bxh6 Qxd2+ 15.
Bxd2 Bb7 16. Rg1 Bxf3 17. Bxf3 Nd3+ 18. Kf1 e4 19. Be2 Nxb2 20. Rb1 Nd3 21. Nb5
Rfc8 22. Bxd3 exd3 23. g4 a6 24. Nc3 Kf7 25. Rg3 Rd8 26. Rf3 Rd4 27. gxf5 Bf6
28. Re1 Rad8 29. Re6 Rxc4 30. Ne4 Ng8 31. Nxf6 Nxf6 32. Bg5 Rd6 33. Rxd6 cxd6
34. Rxd3 Ne4 35. Be3 b5 36. h4 Rc6 37. h5 Nf6 38. h6 d5 39. Bg5 b4 40. Bxf6
Rxf6 41. Rxd5 Rxh6 42. Ra5 Rb6 43. Kg2 Kf6 44. Kg3 b3 45. axb3 Rxb3+ 46. Kg4
Rb4+ 47. f4 Rb1 48. Rxa6+ Kf7 49. f6 Rb5 50. Ra8 Kxf6 51. Rf8+ Kg7 52. Rf5 Rxf5
53. Kxf5 Kf7 1/2-1/2

[Event "Mitropa Cup 32nd"]
[Site "Meissen"]
[Date "2013.06.09"]
[Round "9.5"]
[White "Varga, Zoltan"]
[Black "Markoja, Boris"]
[Result "1-0"]
[WhiteElo "2447"]
[BlackElo "2148"]
[PlyCount "71"]
[EventDate "2013.06.01"]
[EventType "team-tourn"]
[EventRounds "9"]
[EventCountry "GER"]
[Source "ChessBase"]
[SourceDate "2013.06.25"]
[WhiteTeam "Hungary"]
[BlackTeam "Slovenia"]
[WhiteTeamCountry "HUN"]
[BlackTeamCountry "SLO"]

1. d4 g6 2. e4 Bg7 3. Nc3 c6 4. h3 d5 5. Nf3 Nh6 6. Bd3 f6 7. O-O O-O 8. Re1
Nf7 9. Ne2 Na6 10. exd5 cxd5 11. Bxa6 bxa6 12. Nf4 Qd6 13. a4 Rd8 14. Nd3 e5
15. dxe5 fxe5 16. Nfxe5 Nxe5 17. Bf4 Re8 18. Qe2 Bf5 19. Nxe5 Re6 20. g4 Be4
21. Nd3 Qf8 22. f3 Bd4+ 23. Kg2 Rae8 24. Bg3 Bxd3 25. Qxd3 Re3 26. Rxe3 Rxe3
27. Qd1 Bxb2 28. Rb1 Be5 29. Qxd5+ Qf7 30. Qxf7+ Kxf7 31. Rb7+ Kg8 32. Re7 Bd4
33. Rxe3 Bxe3 34. f4 Kf7 35. Kf3 Bb6 36. Ke4 1-0

[Event "Mitropa Cup 33rd"]
[Site "Ruzomberok"]
[Date "2014.05.28"]
[Round "6.1"]
[White "Duda, Jan Krzysztof"]
[Black "Baramidze, David"]
[Result "1/2-1/2"]
[WhiteElo "2587"]
[BlackElo "2610"]
[PlyCount "43"]
[EventDate "2014.05.23"]
[EventType "team-tourn"]
[EventRounds "9"]
[EventCountry "SVK"]
[Source "ChessBase"]
[SourceDate "2014.07.01"]
[WhiteTeam "Poland"]
[BlackTeam "Germany"]
[WhiteTeamCountry "POL"]
[BlackTeamCountry "GER"]

1. e4 e5 2. Nf3 Nc6 3. d4 exd4 4. Nxd4 Nf6 5. Nxc6 bxc6 6. e5 Qe7 7. Qe2 Nd5 8.
c4 Ba6 9. Nd2 g6 10. Nf3 Qb4+ 11. Kd1 Rb8 12. Qc2 Ne7 13. b3 Bg7 14. Bb2 O-O
15. Bd3 d5 16. exd6 Bxb2 17. Qxb2 cxd6 18. Qd2 Qa3 19. Qc1 Qb4 20. Qd2 Qa3 21.
Qc1 Qb4 22. Qd2 1/2-1/2

[Event "Mitropa Cup 33rd"]
[Site "Ruzomberok"]
[Date "2014.05.31"]
[Round "9.1"]
[White "Markos, Jan"]
[Black "Duda, Jan Krzysztof"]
[Result "1-0"]
[WhiteElo "2599"]
[BlackElo "2587"]
[PlyCount "69"]
[EventDate "2014.05.23"]
[EventType "team-tourn"]
[EventRounds "9"]
[EventCountry "SVK"]
[Source "ChessBase"]
[SourceDate "2014.07.01"]
[WhiteTeam "Slovakia"]
[BlackTeam "Poland"]
[WhiteTeamCountry "SVK"]
[BlackTeamCountry "POL"]

1. Nf3 Nf6 2. g3 d5 3. Bg2 e6 4. O-O Be7 5. d4 b5 6. a4 b4 7. c4 bxc3 8. bxc3
Ba6 9. Ne5 Nfd7 10. Nd3 O-O 11. e4 c6 12. a5 dxe4 13. Bxe4 Bc4 14. Nd2 Bd5 15.
Nf4 Bxe4 16. Nxe4 Nf6 17. Qf3 Nxe4 18. Qxe4 Qc8 19. Ra4 a6 20. Nh5 Nd7 21. Rc4
c5 22. dxc5 g6 23. Bh6 Rd8 24. c6 gxh5 25. cxd7 Qxd7 26. Qe5 Bf8 27. Bxf8 Rxf8
28. Qg5+ Kh8 29. Qf6+ Kg8 30. Rc5 Rfe8 31. Rg5+ Kf8 32. Rg7 Qe7 33. Qh6 Qa7 34.
Rd1 Ke7 35. Qg5+ 1-0

[Event "Mitropa Cup 33rd"]
[Site "Ruzomberok"]
[Date "2014.05.31"]
[Round "9.1"]
[White "Baramidze, David"]
[Black "Ruck, Robert"]
[Result "1-0"]
[WhiteElo "2610"]
[BlackElo "2572"]
[PlyCount "63"]
[EventDate "2014.05.23"]
[EventType "team-tourn"]
[EventRounds "9"]
[EventCountry "SVK"]
[Source "ChessBase"]
[SourceDate "2014.07.01"]
[WhiteTeam "Germany"]
[BlackTeam "Hungary"]
[WhiteTeamCountry "GER"]
[BlackTeamCountry "HUN"]

1. d4 Nf6 2. c4 g6 3. Nc3 d5 4. cxd5 Nxd5 5. e4 Nxc3 6. bxc3 Bg7 7. Nf3 c5 8.
Rb1 O-O 9. Be2 b6 10. O-O Bb7 11. Qd3 Ba6 12. Qe3 cxd4 13. cxd4 Qd7 14. d5 Rc8
15. Bb2 Bxe2 16. Qxe2 Bxb2 17. Rxb2 e6 18. Rd2 exd5 19. Rxd5 Qe7 20. Rfd1 Nc6
21. Rd7 Qc5 22. Qb2 Rd8 23. Ne5 Rxd7 24. Nxd7 Qe7 25. Nf6+ Kh8 26. Rd7 Qf8 27.
Rc7 Nd8 28. Qe5 a6 29. g3 b5 30. Qd5 Rb8 31. Nd7 Qe7 32. Qd4+ 1-0

[Event "Mitropa Cup 33rd"]
[Site "Ruzomberok"]
[Date "2014.05.25"]
[Round "3.4"]
[White "Michalik, Peter"]
[Black "Baramidze, David"]
[Result "1/2-1/2"]
[WhiteElo "2562"]
[BlackElo "2610"]
[PlyCount "89"]
[EventDate "2014.05.23"]
[EventType "team-tourn"]
[EventRounds "9"]
[EventCountry "SVK"]
[Source "ChessBase"]
[SourceDate "2014.07.01"]
[WhiteTeam "Slovakia"]
[BlackTeam "Germany"]
[WhiteTeamCountry "SVK"]
[BlackTeamCountry "GER"]

1. d4 d5 2. c4 e6 3. Nc3 Nf6 4. Nf3 Be7 5. Bg5 h6 6. Bh4 O-O 7. e3 Ne4 8. Bxe7
Qxe7 9. Rc1 c6 10. Bd3 Nxc3 11. Rxc3 dxc4 12. Bxc4 Nd7 13. O-O b6 14. Bd3 c5
15. Bb5 Rd8 16. Qe2 Bb7 17. Rfc1 e5 18. dxc5 Nxc5 19. b4 Ne4 20. Rc7 Rac8 21.
Rxe7 Rxc1+ 22. Qf1 Rdd1 23. Rxb7 Nc3 24. g4 Nxb5 25. Qxd1 Rxd1+ 26. Kg2 f6 27.
Nh4 Rc1 28. a4 Nd6 29. Rd7 Ne8 30. Rxa7 Rc4 31. Kg3 Nd6 32. a5 Rxb4 33. a6 Ra4
34. Ng6 Nb5 35. Ne7+ Kf8 36. Ng6+ Kg8 37. Rd7 Rxa6 38. f4 exf4+ 39. exf4 Ra8
40. f5 h5 41. h3 hxg4 42. hxg4 Nc3 43. Kf3 Re8 44. Nf4 Ne4 45. Ne6 1/2-1/2